000 00437cam a2200157 a 4500
020 _a1901919196
040 _cDLC
082 _a327 ASE 1999 A089 Co.
245 0 0 _aDynamo or dynamite? :
_bCambodia's future in ASEAN /
246 3 0 _aCambodia's future in ASEAN
260 _aLondon :
_bAsean Academic Press,
_cc1999 [i.e. 1998]
300 _a245 p. ;
_c23 cm.
700 1 _aKao, Kim Hourn.
700 1 _aKaplan, Jeffrey A.
942 _cEK
999 _c16154
_d16154